Професионалната квалификация на работниците (Запис номер 386684)
[ съкратено ]
| 000 -Лидер | |
|---|---|
| Контролно поле с фиксирана дължина | 01097nam a2200301 c 4500 |
| 003 - Код на организацията, давaща контролен номер | |
| Контролно поле | BLK |
| 005 - Дата и час на последна редакция | |
| Контролно поле | 20200831155238.0 |
| 008 - Елементи от данни с фиксирана дължина | |
| fixed length control field | 200311b bul|||||r ||||||| ||bul|| |
| 040 ## - Източник на каталожния запис | |
| Идентификатор на билиотеката - собственик на записа | BLK |
| 041 ## - Код за език | |
| Код за езика на текст/звукозапис или на отделно заглавие | Български |
| Код за езика КДБФ | Български |
| 080 ## - УДК | |
| Текстов определител УДК | Поощрение на образованието в предприятието - Производствено-техническо обучение, квалификация-преквалификация, курсове, практикуми, учебни работилници, центрове. Вж и 37 |
| УДК код - определител по УДК | 331.36 |
| УДК - код + определител | 331.36+349.227 |
| 080 ## - УДК | |
| Текстов определител УДК | Прекратяване на трудовите отношения. Уволнение. Защита при необосновано уволнение |
| УДК код - определител по УДК | 349.227 |
| УДК - код + определител | 349.227 |
| 100 1# - Редна дума - Автор | |
| Автор | Йосифов, Никола |
| Авторска отговорност | първи автор |
| R(LIN) | 433061 |
| 139 ## - Редно поле | |
| Редна дума | Йосифов, Никола |
| 245 10 - Сведения за заглавието | |
| Заглавие | Професионалната квалификация на работниците |
| Подзаглавни данни | права и задължения |
| Редно поле (дума) | Никола Йосифов. |
| 257 ## - Страна на издаване | |
| Страна на създаване/издаване | България |
| 260 ## - Област на издателските данни | |
| Място на издаване, разпространение и проч. | София |
| Име на издателя, разпространителя и проч. | Профиздат |
| Година на издаване | 1989 |
| Печатница | Враца : В. Александров |
| 300 ## - Физическа характеристика | |
| Страници | 88 с. |
| Размери/Мащаб | 17 см |
| 380 ## - Жанр | |
| Жанр | Обществени науки |
| 500 ## - Общи забележки | |
| Забележка | 30 000 тир 0,45 лв |
| 653 #7 - Ключова дума – ненормативна | |
| Ключова дума | професионална квалификация |
| 9 (RLIN) | 194802 |
| 852 ## - Местоположение | |
| Форматна сигнатура | Цб І 24545 |
| 856 4# - Електронен адрес и достъп | |
| Електронен формат | pdf - файл |
| Път до файла /url/ | |
| 856 4# - Електронен адрес и достъп | |
| Електронен формат | pdf - файл |
| Път до файла /url/ | |
| 999 ## - СИСТЕМНИ КОНТРОЛНИ НОМЕРА | |
| Koha biblionumber | 386684 |
| Koha biblioitemnumber | 386684 |
| 942 ## - АРТИКУЛИ | |
| Вид на библиотечния материал | Книги |
| Скрит в OPAC | Не |
| Периодичен библиозапис | Да |
| 944 ## - СЪЗДАВАНЕ И РЕДАКЦИЯ на ЗАПИСА | |
| Създаване/Редакция | Създаване |
| Дата на регистрацията/редакция | 2020-08-31 |
| Служител, извършил регистрацията/редакцията | Мартин Енчев |
| 999 ## - СИСТЕМНИ КОНТРОЛНИ НОМЕРА | |
| Koha biblioitemnumber | 410206 |
| Код за отписване | Код за изгубен артикул | Източник на класификационната схема | Код за повреда | Коз за рестрикции | Код за отдаване | Артикулен № | Име на библиотеката - собственик | Име на библиотеката, в която се намира в момента | Статус (Текущо местоположение) | Дата на вписване в системата | Местоположение - отдел | Цена в лева | Инвентарен номер | Систематично азбучна сигнатура | Баркод | Цена в евро | Служебен тип на артикула |
|---|---|---|---|---|---|---|---|---|---|---|---|---|---|---|---|---|---|
| Не е изгубен | Universal Decimal Classification | Не е повреден | само за читалня | ползва се в читалня | 796127 | Регионална библиотека "Любен Каравелов" Русе | Регионална библиотека "Любен Каравелов" Русе | Хранилище | 2020-09-01 | Хранилище | 0.45 | 526134 | Цб І 24545 | 120000526134 | 0.23 | Книги |